APEC Schools

Mockingjay (Record no. 6900)

000 -LEADER
fixed length control field nam a22 7a 4500
005 - DATE AND TIME OF LATEST TRANSACTION
control field 20190117063049.0
008 - FIXED-LENGTH DATA ELEMENTS--GENERAL INFORMATION
fixed length control field 190117b xxu||||| |||| 00| 0 eng d
020 ## - IDENTIFIER FOR THE MANIFESTATION
Identifier for the Manifestation 9789810868741
Binding paperback
040 ## - CATALOGING SOURCE
Language of Cataloging eng
Transcribing Agency APEC Schools Library
Description Conventions rda
082 ## - DEWEY DECIMAL CLASSIFICATION NUMBER
Classification number Fic
Author's Number S69m 2010
100 ## - CREATOR
Preferred Name of the Person Collins, Suzanne
245 ## - TITLE AND STATEMENT OF RESPONSIBILITY
Preferred Title Proper Mockingjay
Statement of Responsibility/Parallel Statement of Responsibility Suzanne Collins
264 ## - PUBLICATION STATEMENT
Place of publication, distribution, etc New York :
Publisher's Name/Parallel Publisher's Name Scholastic Press,
Copyright ©2010.
Date of Publication 2010.
300 ## - PHYSICAL DESCRIPTION
Extent 398 pages ;
Dimensions 20 cm.
336 ## - RDA CONTENT
Source rdacontent
Content Type text
337 ## - RDA MEDIA
Source rdamedia
Media Type unmediated
338 ## - RDA CARRIER
Source rdacarrier
Carrier Type volume
490 ## - SERIES STATEMENT
Title Proper of Series The Hunger games ;
Numbering Within Series bk. 3
600 ## - ADDED SUBJECT ACCESS POINT - PERSONAL NAME
Preferred Name of the Person Collins, Suzanne
942 ## - ADDED ENTRY ELEMENTS (KOHA)
Source of Classification
Koha Item Type Books
Holdings
Library Site Location Shelving Location Source of Acquisition Full Classification Number Accession Number Koha Item Type
APEC Bacoor Library APEC Bacoor Library Fiction Institutional Fund Fic S69m 2010 B04-0000270 Fiction
APEC Bacoor Library APEC Bacoor Library Fiction Institutional Fund Fic S69m 2010 B04-0000361 Fiction
APEC Ortigas Extension, Cainta Library APEC Ortigas Extension, Cainta Library Fiction Institutional Fund Fic S69m 2010 B09-0000250 Fiction

Powered by Koha